| 000 -LEADER |
| fixed length control field |
00965cam a2200253 a 4500 |
| 005 - DATE AND TIME OF LATEST TRANSACTION |
| control field |
20131028092548.0 |
| 008 - FIXED-LENGTH DATA ELEMENTS--GENERAL INFORMATION |
| fixed length control field |
010425s2001 mdu b 001 0 eng |
| 020 ## - INTERNATIONAL STANDARD BOOK NUMBER |
| International Standard Book Number |
0742500225 |
| 020 ## - INTERNATIONAL STANDARD BOOK NUMBER |
| International Standard Book Number |
0742500233 |
| 041 0# - LANGUAGE CODE |
| Language code of text/sound track or separate title |
eng |
| 080 ## - UNIVERSAL DECIMAL CLASSIFICATION NUMBER |
| Universal Decimal Classification number |
327 |
| Common auxiliary subdivision |
(4) |
| 100 1# - Rafti |
| Rafti |
Ginsberg, Roy H. |
| 245 14 - TITLE STATEMENT |
| Title |
The European Union in international politics : |
| Statement of responsibility, etc |
Roy H. Ginsberg ; foreword by Stuart E. Eizenstat. |
| 260 ## - |
| -- |
Lanham, Md. : |
| -- |
Rowman & Littlefield Publishers, |
| -- |
c2001. |
| 300 ## - |
| -- |
xxi, 305 p. ; |
| -- |
24 cm. |
| 440 #0 - |
| -- |
New international relations of Europe |
| 500 ## - |
| -- |
Preface " f. XV - XVII |
| 504 ## - BIBLIOGRAPHY, ETC. NOTE |
| Bibliography, etc |
Includes bibliographical references (p. 289-296) and index. |
| 650 ## - |
| -- |
Marrëdhënie ndërkombëtare |
| 650 ## - |
| -- |
Ligji dhe legjilacioni |
| 651 #0 - |
| -- |
European Union countries |
| -- |
Marrëdhënie ndërkombëtare |
| -- |
Ligji dhe legjilacioni |
| 856 42 - |
| -- |
Book review (H-Net) |
| -- |
http://www.h-net.org/review/hrev-a0c5r5-aa |
| 942 ## - ADDED ENTRY ELEMENTS (KOHA) |
| Source of classification or shelving scheme |
|
| Item type |
Books |